| 000 -LEADER |
| fixed length control field |
00677cam a22001817i 4500 |
| 003 - CONTROL NUMBER IDENTIFIER |
| control field |
OSt |
| 005 - DATE AND TIME OF LATEST TRANSACTION |
| control field |
20260226160419.0 |
| 008 - FIXED-LENGTH DATA ELEMENTS--GENERAL INFORMATION |
| fixed length control field |
160412s2016 dcuad b 001 0 eng |
| 020 ## - INTERNATIONAL STANDARD BOOK NUMBER |
| International Standard Book Number |
9781610917636 |
| Qualifying information |
paper : alk. paper |
| 020 ## - INTERNATIONAL STANDARD BOOK NUMBER |
| International Standard Book Number |
1610917634 |
| Qualifying information |
paper : alk. paper |
| 100 1# - MAIN ENTRY--PERSONAL NAME |
| Personal name |
Eley, C. |
| Fuller form of name |
(Charles), |
| Relator term |
author. |
| 245 10 - TITLE STATEMENT |
| Title |
Design professional's guide to zero net energy buildings / |
| Statement of responsibility, etc |
Charles Eley, FAIA, PE. |
| 300 ## - PHYSICAL DESCRIPTION |
| Extent |
xvii, 252 pages : |
| Other physical details |
illustrations, charts ; |
| Dimensions |
23 cm |
| 500 ## - GENERAL NOTE |
| General note |
Minimal Level Cataloging Plus. |
| Institution to which field applies |
DLC |
| 504 ## - BIBLIOGRAPHY, ETC. NOTE |
| Bibliography, etc |
Includes bibliographical references (pages 231-244) and index. |
| 650 #0 - SUBJECT ADDED ENTRY--TOPICAL TERM |
| Topical term or geographic name as entry element |
Sustainable buildings |
| General subdivision |
Design and construction. |
| 942 ## - ADDED ENTRY ELEMENTS (KOHA) |
| Source of classification or shelving scheme |
|